| 000 | 01576nam a2200445 i 4500 | ||
|---|---|---|---|
| 001 | 53437 | ||
| 003 | KOSZ 005 | ||
| 005 | 20220422115424.0 | ||
| 008 | 001010s2000 pl f f |000 0 pol d | ||
| 020 | _a832081264X | ||
| 020 | _a8320812666 | ||
| 040 |
_cKOSZ 005 _aKOSZ 005 _dKOSZ 005/HR |
||
| 041 | 1 |
_apol _heng |
|
| 046 | _k1987 | ||
| 080 | _a330.101.541 | ||
| 080 | _a(075.8) | ||
| 100 | 1 |
_aBegg, David K. H. _eAutor |
|
| 245 | 1 | 0 |
_aEkonomia : _bmakroekonomia / _cDavid Begg [oraz] Stanley Fischer, Rudiger Dornbusch ; red. nauk. Ryszard Rapacki ; tł. [z ang.] Bogusław Czarny [et al.]. |
| 246 |
_iTyt. oryg.: _aEconomics |
||
| 250 | _aWyd. 2 zm. | ||
| 260 |
_aWarszawa : _bPolskie Wydawnictwo Ekonomiczne, _c2000. |
||
| 300 |
_a534, [1] s. : _bwykr. ; _c24 cm. |
||
| 380 | _aKsiążki | ||
| 380 | _aPublikacje dydaktyczne | ||
| 385 |
_mPoziom naucania _aSzkoły wyższe |
||
| 388 | _a1901-2000 | ||
| 388 | _a1989-2000 | ||
| 500 | _aOryg. : "Economics". | ||
| 504 | _aIndeks. | ||
| 650 | 7 | _aMakroekonomia | |
| 655 | 7 | _aPodręczniki akademickie | |
| 658 | _aGospodarka, ekonomia, finanse | ||
| 700 | 1 |
_aFischer, Stanley _d(1943- ) _eAutor |
|
| 700 | 1 |
_aDornbusch, Rudiger _d(1942-2002) _eAutor |
|
| 700 | 1 |
_aRapacki, Ryszard _d(1949- ) _eRedakcja |
|
| 700 | 1 |
_aCzarny, Bogusław _d(1957- ) _eTłumaczenie |
|
| 710 |
_aPolskie Wydawnictwo Ekonomiczne _4pbl |
||
| 856 |
_uhttp://koha.tu.koszalin.pl/cgi-bin/koha/opac-detail.pl?biblionumber=53437 _yKatalog online BPK |
||
| 942 |
_cKS _2UKD |
||
| 999 |
_c53437 _d53437 |
||